000 00467nam a2200181Ia 4500
001 1808
005 20260306143756.0
008 260306t2017||||xx |||||||||||||| ||spa||
041 _aESP
082 _a155.423
_bM26
100 _aMariscal, Sonia
_eAUT
245 0 _aDesarrollo temprano:
_bcognición, afectos y relaciones sociales (0-6 años)
260 _c2017
300 _a283 páginas :
_c24 cm.
650 _aGEN
654 _aCPS
942 _cLIB
_dJUS
_fJUS
_2ddc
_n
999 _c1808
_d1808